000 00677cab a2200229 4500
001 ABS43859
008 090401t1990 xxu||||| |||| 00| 0 eng d
035 _a(Sirsi) u43876
041 _aeng
100 _aWilson, B.
245 _aPlanning policy guidance
260 _c1990
350 _a0
490 _aPlanner
_v76(49) 14 December 1990, 85-87(3)
520 _aTakes the reader through the planning framework, from planning policy guidance notes and regional guidance to structure and local plans .
650 _aDEVELOPMENT PLANS
650 _aSERPLAN
650 _aSTRUCTURE PLANS
690 _aPLANNING LAW AND PRACTICE
942 _n0
948 _c04/03/1997
999 _c27970
_d27970